00805nam a2200241 a 4500008004100000020001500041050001500056100003300071245010700104260004800211300002200259350000900281490006000290490000600350500001700356650001100373650006400384650002700448650002700475650002400502700001900526700001800545120416s1997 ||||||||||||||||| || u a0521566436 aQK 905 Pla aSmith, Thomas Michael, 1955-10aPlant functional types: the reverence to ecosystem properties and global changecedited by T. M. Smith aCambridgebCambridge University Pressc1997 axii, 369p. : ill. a0.00 aInternational Geosphere-Biosphere Programme book series v1 aBibliography aPLANTS aINTERNATIONAL GEOSPHERE--BIOSPHERE PROGRAM 'GLOBAL CHANGES' aCLIMATE CHANGE--COMESA aVegetation and climate 0aPLANT ECOPHYSIOLOGY aWoodward, F. I aShugart, H. H